Design and analysis of experinments (Record no. 18366)
[ view plain ]
| 000 -LEADER | |
|---|---|
| fixed length control field | 00348nam a22001217a 4500 |
| 008 - FIXED-LENGTH DATA ELEMENTS--GENERAL INFORMATION | |
| fixed length control field | 200727b xxu||||| |||| 00| 0 eng d |
| 020 ## - INTERNATIONAL STANDARD BOOK NUMBER | |
| International Standard Book Number | 0470530689 |
| 050 ## - LIBRARY OF CONGRESS CALL NUMBER | |
| Classification number | QA279 |
| Item number | .D47 2012 c.1 |
| 245 ## - TITLE STATEMENT | |
| Title | Design and analysis of experinments |
| Statement of responsibility, etc. | Edited by Klaus Hinkelmann |
| 260 ## - PUBLICATION, DISTRIBUTION, ETC. (IMPRINT) | |
| Place of publication, distribution, etc. | Hoboken |
| Name of publisher, distributor, etc. | John Wiley |
| Date of publication, distribution, etc. | 2012 |
| 300 ## - PHYSICAL DESCRIPTION | |
| Extent | xxvii, 555p. |
| 942 ## - ADDED ENTRY ELEMENTS (KOHA) | |
| Source of classification or shelving scheme | Library of Congress Classification |
| Koha item type | General Collection |
| Withdrawn status | Lost status | Source of classification or shelving scheme | Not for loan | Home library | Current library | Date acquired | Total Checkouts | Full call number | Barcode | Date last seen | Price effective from | Koha item type | Cost, normal purchase price |
|---|---|---|---|---|---|---|---|---|---|---|---|---|---|
| Library of Congress Classification | Kabarak, Main Campus | Kabarak, Main Campus | 27/07/2020 | QA279 .D47 2012 c.1 | 030222 | 27/07/2020 | 27/07/2020 | General Collection | |||||
| Library of Congress Classification | Kabarak, Main Campus | Kabarak, Main Campus | 27/07/2020 | QA279 .D47 2012 c.2 | 030224 | 27/07/2020 | 27/07/2020 | General Collection | |||||
| Library of Congress Classification | Kabarak, Nakuru City Campus | Kabarak, Nakuru City Campus | 27/07/2020 | QA279 .D47 2012 c.1 | 030223 | 16/11/2020 | 27/07/2020 | General Collection | 6260.00 |